Two Letter Country Codes and US State Postal Codes - Statistics

General Stats
  • This quiz has been taken 19 times
  • The average score is 27 of 44
Answer Stats
Code Answer % Correct
Alabama
89%
AL Albania
89%
Arizona
89%
Delaware
89%
Illinois
89%
AZ Azerbaijan
83%
Georgia
83%
Idaho
83%
Indiana
83%
Arkansas
78%
California
78%
Colorado
78%
IN India
78%
Maryland
78%
Massachusetts
78%
Minnesota
78%
Pennsylvania
78%
Tennessee
78%
ID Indonesia
72%
Montana
72%
South Carolina
72%
South Dakota
72%
Virginia
72%
DE Germany
67%
Louisiana
67%
Maine
67%
AR Argentina
61%
CA Canada
61%
CO Colombia
61%
LA Laos
61%
Nebraska
61%
VA Vatican City
61%
GA Gabon
44%
IL Israel
39%
MD Moldova
39%
SD Sudan
28%
TN Tunisia
28%
MN Mongolia
22%
ME Montenegro
22%
MA Morocco
22%
PA Panama
22%
MT Malta
17%
NE Niger
17%
SC Seychelles
11%
No matching quizzes found
Score Distribution
Percent of People with Each Score
Percentile by Number Answered
Your Score History
You have not taken this quiz